1237 1805 1440 1955 1031 1303 1434 1027 1934 1730 1013 1605 1745 1460 1492 1867 1658 1621 1965 1766 1049 1580 1425 1947 1779 1534 1224 1801 1426 1879 1155 1648 1417 1911 1845 1377 1745 1377 1564 1528 2000 1134 1202 1192 1196 1547 1817 1164 1464 1615 1752 1202 1949 1666 1904 1856 1255 1127 1926 1085 1391 1473 1827 1442 1713 1599 1048 1961 1381 1510 1820 1188 1354 1532 1636 1401 1249 1235 1513 1366 1735 1690 1767 1781 1277 1434 1655 1171 1938 1289 1320 1601 1566 1646 1514 1304 1978 1032 1645 BCNSPRNW ULIB Ver.6.0+V

เปลี่ยนเป็นภาษาไทย

Change to English
 แสดงรายละเอียดบรรณานุกรม
  กลับหน้าหลัก

Brief Record : Get Marc (ISO 2709) : E-mail record : QR code < ปิดหน้าต่าง
LEADER : 00000nam 2200000uu 4500
001    13399113552
003     ULIB
008    111125s2553||||th 000 0 tha d
020    ^a9786165000550
090    ^aนว.^bม623ร 2553
100 0  ^aมุกเรียง
245 00 ^aร่านดอกรัก/^cมุกเรียง
250    ^aพิมพ์ครั้งที่ 1
260    ^aกรุงเทพฯ :^bพิมพ์คำ,^c2553
300    ^a386 หน้า
945    ^p250^l0^i16999
995    ^aกัณชพร
999    ^aใช้งานได้ทุกระบบ
รายการนี้ยังไม่มีแท็ก
คุณยังไม่ได้ล็อกอิน คุณสามารถมีกิจกรรมร่วมกับเว็บไซต์ได้ แต่ต้องล็อกอินก่อน ::
  ล็อกอิน

รายการสื่อสารสนเทศ

ลำดับที่ ประเภท เลขเรียก/บาร์โค้ด สถานที่ สถานะ
1. นวนิยาย
นวนิยาย
นว. ม623ร 2553  
  Barcode: 16999
ห้องสมุดวิทยาเขตนครสวรรค์
►นวนิยาย:l:Fiction
บนชั้น

รายการใกล้เคียง
    ผู้แต่ง [มุกเรียง]

BibComment


ยังไม่เคยถูกคอมเมนท์

คอมเมนท์ทรัพยากรรายการนี้
  คอมเมนท์: ร่านดอกรัก มุกเร..


 Copyright 2026. Bcnsprnw @Library